000
00222nam a2200097Ia 4500
005
20251222113743.0
008
251222s1900||||xx |||||||||||||| ||spa||
082
_a
DVD0070/C11/1989
245
0
_a
Francesco:Francisco
942
_c
DVD
999
_c
673
_d
673